Guia de productos fitosanitarios para la República Argentina : edición 1993.

Guardado en:
Formato: Libro
Idioma:Spanish
Publicado: Buenos Aires : Camara de sanidad agropecuaria y fertilizantes (CASAFE), 1993.
Edición:6a ed.
Materias:
Etiquetas: Agregar Etiqueta
Sin Etiquetas, Sea el primero en etiquetar este registro!
LEADER 00719nam a22002055a 4500
001 EIQ.libpla001777
008 061226s1993####ag#a#####b####000#0#spa#d
005 20061226192938.0
245 0 0 |a Guia de productos fitosanitarios para la República Argentina :  |b edición 1993. 
250 |a 6a ed. 
260 |a Buenos Aires :  |b Camara de sanidad agropecuaria y fertilizantes (CASAFE),  |c 1993. 
300 |a 1167 p. :  |b il. ;  |c 22 cm. 
504 |a Incluye referencias bibliográficas. 
020 |a 9504321755 
650 4 |a Fertilizantes  |x Guía. 
650 4 |a Pesticidas  |x Guía. 
650 4 |a Fertilizers  |x Guide. 
650 4 |a Pesticides  |x Guide. 
040 |a AR-BbSID  |b spa  |c AR-BbSID 
859 |a AR-BbSID  |b BIB. PLAPIQUI  |h 631.8  |i G 94  |k R  |p 4030